Shikār nāmah-yi Ḥaz̤rat Sayyid Muḥammad Ḥusainī Bandah Navāz Gaisū Darāz. (Record no. 80356)

MARC details
000 -LEADER
fixed length control field 00716cam a22002411 4500
001 - CONTROL NUMBER
control field sa 68004804
003 - CONTROL NUMBER IDENTIFIER
control field DLC
005 - DATE AND TIME OF LATEST TRANSACTION
control field 20260227112504.0
008 - FIXED-LENGTH DATA ELEMENTS--GENERAL INFORMATION
fixed length control field 940727s1962 ii 000 0 urdo
010 ## - LIBRARY OF CONGRESS CONTROL NUMBER
LC control number sa 68004804
025 ## - OVERSEAS ACQUISITION NUMBER
Overseas acquisition number PL480:I-U-1863
035 ## - SYSTEM CONTROL NUMBER
System control number (OCoLC)30838275
040 ## - CATALOGING SOURCE
Original cataloging agency DLC
Transcribing agency CU
Modifying agency CU
-- DLC
042 ## - AUTHENTICATION CODE
Authentication code premarc
050 00 - LIBRARY OF CONGRESS CALL NUMBER
Classification number PK2198.B327
Item number Z8
100 0# - MAIN ENTRY--PERSONAL NAME
Personal name Samīnah Shaukat,
Dates associated with a name 1936-
245 10 - TITLE STATEMENT
Title Shikār nāmah-yi Ḥaz̤rat Sayyid Muḥammad Ḥusainī Bandah Navāz Gaisū Darāz.
260 ## - PUBLICATION, DISTRIBUTION, ETC.
Date of publication, distribution, etc. 1962.
300 ## - PHYSICAL DESCRIPTION
Extent 16, 115 p. (p. 104-115 advertisements)
Dimensions 19 cm.
500 ## - GENERAL NOTE
General note In Urdu.
600 00 - SUBJECT ADDED ENTRY--PERSONAL NAME
Personal name Bandah Navāz,
Dates associated with a name 1321-1422.
700 0# - ADDED ENTRY--PERSONAL NAME
Personal name Bandah Navāz,
Dates associated with a name 1321-1422.
Title of a work Shikār nāmah.

No items available.

Powered by Koha